Producción moderna de bananas /
Guardado en:
| Autor Principal: | |
|---|---|
| Formato: | Libro |
| Idioma: | Spanish |
| Publicado: |
Zaragoza :
Acribia,
1966.
|
| Etiquetas: |
Agregar Etiqueta
Sin Etiquetas, Sea el primero en etiquetar este registro!
|
| LEADER | 00406nam a22001335a 4500 | ||
|---|---|---|---|
| 001 | EEA.libagro003733 | ||
| 005 | 20190517120249.0 | ||
| 008 | 130809s1966####sp#a##########000#0#spa#d | ||
| 082 | 0 | 4 | |a 634.772 |
| 100 | 1 | |a Haarer, A. E. | |
| 245 | 1 | 0 | |a Producción moderna de bananas / |c A.E. Haarer. |
| 260 | |a Zaragoza : |b Acribia, |c 1966. | ||
| 300 | |a 179 p. : |b il. ; |c 21 cm. | ||
| 859 | |a AR-BbBCA |b BIB. AGRONOMIA |h 634.772 |i H111 |p 1988/0970 | ||
